<?xml version="1.0" encoding="UTF-8"?>
<record
    xmlns:xsi="http://www.w3.org/2001/XMLSchema-instance"
    xsi:schemaLocation="http://www.loc.gov/MARC21/slim http://www.loc.gov/standards/marcxml/schema/MARC21slim.xsd"
    xmlns="http://www.loc.gov/MARC21/slim">

  <leader>01510cam a22003011i 4500</leader>
  <controlfield tag="003">SA-RiAUC</controlfield>
  <controlfield tag="005">20241027131644.0</controlfield>
  <controlfield tag="008">241025s1990    ua     g      00000 ara c</controlfield>
  <datafield tag="040" ind1=" " ind2=" ">
    <subfield code="a">SA-JeALM</subfield>
    <subfield code="b">ara</subfield>
    <subfield code="c">SA-RiAUC</subfield>
    <subfield code="e">rda</subfield>
  </datafield>
  <datafield tag="050" ind1=" " ind2="4">
    <subfield code="b">.M87 1990</subfield>
  </datafield>
  <datafield tag="050" ind1="0" ind2="4">
    <subfield code="b">M37 1990</subfield>
  </datafield>
  <datafield tag="082" ind1="0" ind2="4">
    <subfield code="a">254.11</subfield>
    <subfield code="q">SA-RiAUC</subfield>
  </datafield>
  <datafield tag="090" ind1=" " ind2=" ">
    <subfield code="a">254.11 </subfield>
    <subfield code="b">&#x645; &#x642; &#x62F;</subfield>
  </datafield>
  <datafield tag="100" ind1="1" ind2=" ">
    <subfield code="a">&#x627;&#x644;&#x645;&#x642;&#x62F;&#x633;&#x64A;&#x60C; &#x645;&#x62D;&#x645;&#x62F; &#x628;&#x646; &#x623;&#x62D;&#x645;&#x62F; &#x628;&#x646; &#x633;&#x639;&#x64A;&#x62F;&#x60C;</subfield>
    <subfield code="d">771-855 &#x647;&#x62C;&#x631;&#x64A;</subfield>
    <subfield code="e">&#x645;&#x624;&#x644;&#x641;.</subfield>
  </datafield>
  <datafield tag="245" ind1="1" ind2="2">
    <subfield code="a">&#x627;&#x644;&#x645;&#x633;&#x627;&#x626;&#x644; &#x627;&#x644;&#x645;&#x647;&#x645;&#x629; &#x641;&#x64A;&#x645;&#x627; &#x64A;&#x62D;&#x62A;&#x627;&#x62C; &#x625;&#x644;&#x64A;&#x647; &#x627;&#x644;&#x639;&#x627;&#x642;&#x62F; &#x639;&#x646;&#x62F; &#x627;&#x644;&#x62E;&#x637;&#x648;&#x628; &#x627;&#x644;&#x645;&#x62F;&#x644;&#x647;&#x645;&#x629; /</subfield>
    <subfield code="c">&#x62A;&#x623;&#x644;&#x64A;&#x641; &#x645;&#x62D;&#x645;&#x62F; &#x628;&#x646; &#x623;&#x62D;&#x645;&#x62F; &#x628;&#x646; &#x633;&#x639;&#x64A;&#x62F; &#x627;&#x644;&#x645;&#x642;&#x62F;&#x633;&#x64A; &#x61B; &#x62D;&#x642;&#x642;&#x647; &#x648;&#x639;&#x644;&#x642; &#x639;&#x644;&#x64A;&#x647; &#x639;&#x628;&#x62F; &#x627;&#x644;&#x643;&#x631;&#x64A;&#x645; &#x628;&#x646; &#x635;&#x646;&#x64A;&#x62A;&#x627;&#x646; &#x627;&#x644;&#x639;&#x645;&#x631;&#x64A;.</subfield>
  </datafield>
  <datafield tag="250" ind1=" " ind2=" ">
    <subfield code="a">&#x627;&#x644;&#x637;&#x628;&#x639;&#x629; &#x627;&#x644;&#x623;&#x648;&#x644;&#x649;.</subfield>
  </datafield>
  <datafield tag="264" ind1=" " ind2="1">
    <subfield code="a">&#x627;&#x644;&#x642;&#x627;&#x647;&#x631;&#x629; :</subfield>
    <subfield code="b">&#x627;&#x644;&#x645;&#x62D;&#x642;&#x642;</subfield>
    <subfield code="c">1990</subfield>
  </datafield>
  <datafield tag="300" ind1=" " ind2=" ">
    <subfield code="a">316 &#x635;&#x641;&#x62D;&#x629; &#x61B;</subfield>
    <subfield code="c">24 &#x633;&#x645;</subfield>
  </datafield>
  <datafield tag="336" ind1=" " ind2=" ">
    <subfield code="a">&#x646;&#x635;</subfield>
    <subfield code="b">txt</subfield>
    <subfield code="2">rdacontent</subfield>
    <subfield code="3">&#x643;&#x62A;&#x627;&#x628;</subfield>
  </datafield>
  <datafield tag="337" ind1=" " ind2=" ">
    <subfield code="a">&#x628;&#x62F;&#x648;&#x646; &#x648;&#x633;&#x64A;&#x637;</subfield>
    <subfield code="b">n</subfield>
    <subfield code="2">rdamedia</subfield>
  </datafield>
  <datafield tag="338" ind1=" " ind2=" ">
    <subfield code="a">&#x645;&#x62C;&#x644;&#x62F;</subfield>
    <subfield code="b">nc</subfield>
    <subfield code="2">rdacarrier</subfield>
  </datafield>
  <datafield tag="650" ind1=" " ind2="7">
    <subfield code="a">&#x627;&#x644;&#x62E;&#x637;&#x628;&#x629; (&#x641;&#x642;&#x647; &#x625;&#x633;&#x644;&#x627;&#x645;&#x64A;)</subfield>
    <subfield code="2">aucsh</subfield>
  </datafield>
  <datafield tag="650" ind1=" " ind2="7">
    <subfield code="a">&#x627;&#x644;&#x632;&#x648;&#x627;&#x62C; (&#x641;&#x642;&#x647; &#x625;&#x633;&#x644;&#x627;&#x645;&#x64A;)</subfield>
    <subfield code="2">aucsh</subfield>
  </datafield>
  <datafield tag="700" ind1="1" ind2=" ">
    <subfield code="a">&#x627;&#x644;&#x639;&#x645;&#x631;&#x64A;&#x60C; &#x639;&#x628;&#x62F; &#x627;&#x644;&#x643;&#x631;&#x64A;&#x645; &#x628;&#x646; &#x635;&#x646;&#x64A;&#x62A;&#x627;&#x646; &#x62E;&#x644;&#x64A;&#x648;&#x64A;&#x60C;</subfield>
    <subfield code="d">1381 &#x647;&#x62C;&#x631;&#x64A;-</subfield>
    <subfield code="e">&#x645;&#x62D;&#x642;&#x642;.</subfield>
  </datafield>
  <datafield tag="700" ind1="1" ind2="2">
    <subfield code="i">&#x62A;&#x62D;&#x642;&#x64A;&#x642; &#x644;&#x640; (&#x639;&#x645;&#x644;) :</subfield>
    <subfield code="a">&#x627;&#x644;&#x645;&#x642;&#x62F;&#x633;&#x64A;&#x60C; &#x645;&#x62D;&#x645;&#x62F; &#x628;&#x646; &#x623;&#x62D;&#x645;&#x62F; &#x628;&#x646; &#x633;&#x639;&#x64A;&#x62F;&#x60C;</subfield>
    <subfield code="d">771-855 &#x647;&#x62C;&#x631;&#x64A;.</subfield>
    <subfield code="t">&#x627;&#x644;&#x645;&#x633;&#x627;&#x626;&#x644; &#x627;&#x644;&#x645;&#x647;&#x645;&#x629; &#x641;&#x64A;&#x645;&#x627; &#x64A;&#x62D;&#x62A;&#x627;&#x62C; &#x625;&#x644;&#x64A;&#x647; &#x627;&#x644;&#x639;&#x627;&#x642;&#x62F; &#x639;&#x646;&#x62F; &#x627;&#x644;&#x62E;&#x637;&#x648;&#x628; &#x627;&#x644;&#x645;&#x62F;&#x644;&#x647;&#x645;&#x629;.</subfield>
  </datafield>
  <datafield tag="942" ind1=" " ind2=" ">
    <subfield code="2">ddc</subfield>
    <subfield code="c">BOOK</subfield>
    <subfield code="n">0</subfield>
  </datafield>
  <datafield tag="949" ind1=" " ind2=" ">
    <subfield code="a">SA-JeALM</subfield>
    <subfield code="d">241025</subfield>
    <subfield code="u">mohamedma123</subfield>
    <subfield code="n">1</subfield>
  </datafield>
  <datafield tag="952" ind1=" " ind2=" ">
    <subfield code="0">0</subfield>
    <subfield code="1">0</subfield>
    <subfield code="2">ddc</subfield>
    <subfield code="4">0</subfield>
    <subfield code="7">0</subfield>
    <subfield code="a">WAHAB</subfield>
    <subfield code="b">WAHAB</subfield>
    <subfield code="d">2024-10-27</subfield>
    <subfield code="l">0</subfield>
    <subfield code="o">254.11 &#x645; &#x642; &#x62F;</subfield>
    <subfield code="p">0000002478</subfield>
    <subfield code="r">2024-10-27 13:17:08</subfield>
    <subfield code="w">2024-10-27</subfield>
    <subfield code="y">BOOK</subfield>
  </datafield>
  <datafield tag="999" ind1=" " ind2=" ">
    <subfield code="c">1755</subfield>
    <subfield code="d">1755</subfield>
  </datafield>
</record>
